000 00285nam a2200097Ia 4500
008 231107s2013 xx 000 0 und d
041 _aeng
100 _aHepler Dana J.
245 _aDrafting Design for Architecture & Construction 9thed.
260 _aJapan
_bDelmar Cengage Learning
_c2013
999 _c930657
_d930657